000 00360nam a2200157Ia 4500
003 Ost
005 20260225132555.0
008 260225s9999||||xx |||||||||||||| ||und||
040 _cfsic
041 _afre
082 _a440
100 _aDominique Noguez
_eAuteur
245 0 _aEloge du cinema experimental /
245 0 _cDominique Noguez
942 _cكتاب
999 _c34414
_d34414